Migracje a ruchliwosc spoleczna ludnosci w Polsce

Salvato in:
Dettagli Bibliografici
Natura: Libro
Lingua:polacco
Pubblicazione: Warszawa Szkola Glówna planowania i statystyki 1985
Edizione:1. wyd.
Tags: Aggiungi Tag
Nessun Tag, puoi essere il primo ad aggiungerne!!

MARC

LEADER 00000nam a2200000 4500
001 c034399
005 20250630093018.8
041 0 |a pol 
044 |a PL 
245 1 0 |a Migracje a ruchliwosc spoleczna ludnosci w Polsce  |c Janusz Witkowski 
250 |a 1. wyd. 
264 1 |a Warszawa  |b Szkola Glówna planowania i statystyki  |c 1985 
300 |a 168 s.